[Event "Cappelle Online Blitz op"]
[Site "Europe Echecs INT"]
[Date "2022.01.09"]
[Round "1"]
[White "Valdazo, Raphael"]
[Black "Gunina, Valentina"]
[Result "0-1"]
[WhiteElo "1713"]
[BlackElo "2471"]
[PlyCount "84"]
[EventDate "2022.01.09"]
[EventType "swiss (blitz)"]
[EventRounds "11"]
[EventCountry "FRA"]
[SourceTitle "EXT 2023"]
[Source "ChessBase"]
[SourceDate "2022.10.05"]
[SourceVersion "1"]
[SourceVersionDate "2022.10.05"]
[SourceQuality "1"]

1. Nf3 d5 2. c4 c6 3. d4 Nf6 4. Nc3 dxc4 5. Bg5 b5 6. a4 b4 7. Na2 Ne4 8. e3 Qa5 9. Bxc4 Nxg5 10. Nxg5 Qxg5 11. Qf3 Qf5 12. Qe2 a5 13. 0-0 e6 14. e4 Qg6 15. f4 Be7 16. Bd3 f5 17. e5 0-0 18. Rf3 Ba6 19. Rg3 Qe8 20. b3 Bxd3 21. Qxd3 Na6 22. Rf1 Nc7 23. Nc1 Nd5 24. Ne2 c5 25. Rff3 Rd8 26. Qa6 Qd7 27. Qxa5 cxd4 28. Nxd4 Nc3 29. Qb6 Qxd4+ 30. Qxd4 Rxd4 31. h4 Ne2+ 32. Kf2 Nxg3 33. Kxg3 Rc8 34. a5 Rd5 35. a6 Rc3 36. a7 Ra5 37. a8R+ Rxa8 38. h5 Ra2 39. h6 Rcc2 40. hxg7 Rxg2+ 41. Kh3 Rh2+ 42. Kg3 Bh4# 0-1

[Event "Cappelle Online Blitz op"]
[Site "Europe Echecs INT"]
[Date "2022.01.09"]
[Round "11"]
[White "Valdazo, Raphael"]
[Black "Rosamel, Manua"]
[Result "0-1"]
[WhiteElo "1713"]
[BlackElo "1052"]
[PlyCount "96"]
[EventDate "2022.01.09"]
[EventType "swiss (blitz)"]
[EventRounds "11"]
[EventCountry "FRA"]
[SourceTitle "EXT 2023"]
[Source "ChessBase"]
[SourceDate "2022.10.05"]
[SourceVersion "1"]
[SourceVersionDate "2022.10.05"]
[SourceQuality "1"]

1. Nf3 d5 2. c4 dxc4 3. Qa4+ Nc6 4. Qxc4 Nf6 5. d4 e6 6. Bg5 Be7 7. e3 h6 8. Bh4 Qd5 9. Qxd5 Nxd5 10. Bxe7 Ndxe7 11. Bd3 Nb4 12. Kd2 Nxd3 13. Kxd3 b6 14. Nc3 Ng6 15. Nb5 Kd7 16. Rac1 c6 17. Na3 Ba6+ 18. Kd2 Rad8 19. h4 h5 20. Ng5 Ke7 21. Rxc6 e5 22. Rc7+ Rd7 23. Rxd7+ Kxd7 24. Nxf7 Rf8 25. Nxe5+ Nxe5 26. dxe5 Rxf2+ 27. Kc3 Rxg2 28. Rd1+ Ke6 29. Rd4 Kxe5 30. Ra4 Bf1 31. Rxa7 Rh2 32. Rxg7 Rxh4 33. Rb7 Rh3 34. Kd2 b5 35. Nxb5 Bxb5 36. Rxb5+ Ke4 37. a4 Rh2+ 38. Kc3 h4 39. a5 h3 40. Rh5 Rh1 41. b4 h2 42. a6 Rc1+ 43. Kb3 h1Q 44. Rxh1 Rxh1 45. b5 Kd5 46. Kb4 Rb1+ 47. Ka5 Kc5 48. e4 Ra1# 0-1

[Event "Tetraktys Concept Mgmt"]
[Site "Europe Echecs INT"]
[Date "2021.06.06"]
[Round "10"]
[White "Dias Huizar, Alvaro"]
[Black "Valdazo, Raphael"]
[Result "1/2-1/2"]
[WhiteElo "2409"]
[BlackElo "1713"]
[PlyCount "57"]
[EventDate "2021.06.06"]
[EventType "swiss (blitz)"]
[EventRounds "11"]
[EventCountry "FRA"]
[SourceTitle "CBM 202 Extra"]
[Source "ChessBase"]
[SourceDate "2021.07.31"]
[SourceVersion "1"]
[SourceVersionDate "2021.07.31"]
[SourceQuality "1"]

1. d4 d5 2. Nc3 e6 3. f3 Nf6 4. Bg5 Nbd7 5. e4 dxe4 6. fxe4 Be7 7. e5 Nd5 8. Bxe7 Qxe7 9. Nf3 0-0 10. Bd3 f6 11. Nxd5 exd5 12. 0-0 fxe5 13. dxe5 Nxe5 14. Nxe5 Rxf1+ 15. Qxf1 Qxe5 16. Re1 Qd4+ 17. Kh1 Bd7 18. Re7 Bc6 19. Qf7+ Kh8 20. h3 Qxb2 21. Qh5 Qc1+ 22. Kh2 Qf4+ 23. g3 Qf2+ 24. Kh1 d4+ 25. Be4 Qe1+ 26. Kh2 Qf2+ 27. Kh1 Qe1+ 28. Kh2 Qf2+ 29. Kh1 1/2-1/2

[Event "Tetraktys Concept Mgmt"]
[Site "Europe Echecs INT"]
[Date "2021.06.06"]
[Round "7"]
[White "Valdazo, Raphael"]
[Black "Jannur, Kupjasar"]
[Result "0-1"]
[WhiteElo "1713"]
[BlackElo "1517"]
[PlyCount "88"]
[EventDate "2021.06.06"]
[EventType "swiss (blitz)"]
[EventRounds "11"]
[EventCountry "FRA"]
[SourceTitle "CBM 202 Extra"]
[Source "ChessBase"]
[SourceDate "2021.07.31"]
[SourceVersion "1"]
[SourceVersionDate "2021.07.31"]
[SourceQuality "1"]

1. Nf3 d6 2. c4 e6 3. d4 Nf6 4. Nc3 c5 5. Bg5 cxd4 6. Qxd4 Be7 7. e4 Nc6 8. Qd1 Qa5 9. Bd2 Qb6 10. a3 Qxb2 11. Na4 Qxa1 12. Qxa1 0-0 13. Bd3 Nd7 14. 0-0 Bf6 15. Qb1 a6 16. e5 dxe5 17. Bxh7+ Kh8 18. Be4 Nd4 19. Nxd4 exd4 20. f4 g6 21. Rf3 Kg7 22. Qf1 Be7 23. Nb2 Nc5 24. Bb1 Bd7 25. Nd3 Ne4 26. Qe2 Bc6 27. Rh3 f6 28. Nf2 Nxf2 29. Qxf2 Bc5 30. Bd3 b6 31. Rg3 f5 32. Rg5 Be7 33. Qxd4+ Bf6 34. Qxb6 Bxg5 35. Qxc6 Bf6 36. Bb4 Rfd8 37. Bf1 Rac8 38. Qxa6 Rd1 39. g3 Rcd8 40. Kg2 Kf7 41. c5 Rc1 42. c6 Rc2+ 43. Kf3 Bd4 44. c7 Rf2# 0-1

[Event "C'Chartres Blitz op April"]
[Site "Europe Echecs INT"]
[Date "2021.04.10"]
[Round "5"]
[White "Emmenecker, Philippe"]
[Black "Valdazo, Raphael"]
[Result "1-0"]
[WhiteElo "2053"]
[BlackElo "1713"]
[PlyCount "63"]
[EventDate "2021.04.10"]
[EventType "swiss (blitz)"]
[EventRounds "11"]
[EventCountry "FRA"]
[SourceTitle "CBM 201 Extra"]
[Source "ChessBase"]
[SourceDate "2021.05.31"]
[SourceVersion "1"]
[SourceVersionDate "2021.05.31"]
[SourceQuality "1"]

1. d4 d5 2. Nf3 e6 3. c4 Nf6 4. Nc3 Nbd7 5. Bg5 c6 6. e3 Qa5 7. cxd5 cxd5 8. Bd3 Ne4 9. Qc2 Nxg5 10. Nxg5 h6 11. Nf3 Nf6 12. Ne5 Bd6 13. f4 0-0 14. 0-0 a6 15. a3 b5 16. b4 Qd8 17. Rf3 Bb7 18. Qf2 Rc8 19. Ne2 Ne4 20. Bxe4 dxe4 21. Rh3 Bxe5 22. fxe5 Rc2 23. Re1 Qg5 24. Rg3 Qe7 25. Qf4 g5 26. h4 Kh7 27. hxg5 Rfc8 28. gxh6 Ra2 29. Rg7+ Kh8 30. Rxf7 Qd7 31. Rxd7 Rg8 32. Qf6+ 1-0

[Event "C'Chartres Blitz op April"]
[Site "Europe Echecs INT"]
[Date "2021.04.10"]
[Round "1"]
[White "Yuffa, Daniil"]
[Black "Valdazo, Raphael"]
[Result "1-0"]
[WhiteElo "2584"]
[BlackElo "1713"]
[PlyCount "79"]
[EventDate "2021.04.10"]
[EventType "swiss (blitz)"]
[EventRounds "11"]
[EventCountry "FRA"]
[SourceTitle "CBM 201 Extra"]
[Source "ChessBase"]
[SourceDate "2021.05.31"]
[SourceVersion "1"]
[SourceVersionDate "2021.05.31"]
[SourceQuality "1"]

1. d4 d5 2. c4 e6 3. Nf3 Nf6 4. Nc3 Nbd7 5. Bg5 c6 6. e3 Qa5 7. Nd2 Bb4 8. Rc1 Ne4 9. Ndxe4 dxe4 10. Bh4 Bxc3+ 11. bxc3 Qxa2 12. Be2 0-0 13. 0-0 Qa5 14. Qc2 f5 15. c5 Nf6 16. Bg3 Qd8 17. Ra1 a5 18. Ra3 Nd5 19. Bd6 Rf7 20. c4 Nb4 21. Qc3 h6 22. Rb1 Bd7 23. Rba1 g5 24. Bh5 Rf6 25. Qxb4 axb4 26. Rxa8 Qxa8 27. Rxa8+ Kg7 28. Be5 b3 29. Ra3 b2 30. Rb3 b1Q+ 31. Rxb1 g4 32. h3 gxh3 33. g3 f4 34. gxf4 Bc8 35. Kh2 Kf8 36. Bxf6 Kg8 37. Rg1+ Kf8 38. Rg7 b6 39. Rh7 Kg8 40. Rh8# 1-0

[Event "Cappelle Online Blitz op 1st"]
[Site "Europe Echecs INT"]
[Date "2021.01.10"]
[Round "7"]
[White "Valdazo, Raphael"]
[Black "Gourarier, Emmanuel"]
[Result "0-1"]
[WhiteElo "1713"]
[BlackElo "1463"]
[PlyCount "72"]
[EventDate "2021.01.10"]
[EventType "swiss (blitz)"]
[EventRounds "11"]
[EventCountry "FRA"]
[SourceTitle "CBM 200 Extra"]
[Source "ChessBase"]
[SourceDate "2021.03.31"]
[SourceVersion "1"]
[SourceVersionDate "2021.03.31"]
[SourceQuality "1"]

1. Nf3 d5 2. c4 dxc4 3. Qa4+ Bd7 4. Qxc4 Nc6 5. d4 Nf6 6. Ne5 e6 7. Nxd7 Qxd7 8. Bg5 Qxd4 9. Qxd4 Nxd4 10. Kd2 Ne4+ 11. Ke3 Nxg5 12. Kxd4 0-0-0+ 13. Kc3 g6 14. f3 Bg7+ 15. Kb3 Rd1 16. Kc2 Rd6 17. h4 Rc6+ 18. Nc3 Nxf3 19. exf3 Rd8 20. Bb5 Rcd6 21. Ne4 Rd5 22. Bc4 Rd4 23. Bb3 f5 24. Ng5 Rd2+ 25. Kc1 Bxb2+ 26. Kb1 Bxa1 27. Kxa1 Rxg2 28. Nxe6 Rdd2 29. Rc1 c6 30. Ng5 a5 31. Nxh7 a4 32. Be6+ Kc7 33. Nf8 Kd6 34. Bc8 Ke7 35. Nh7 Rxa2+ 36. Kb1 Rgb2# 0-1

[Event "Cappelle Online Blitz op 1st"]
[Site "Europe Echecs INT"]
[Date "2021.01.10"]
[Round "11"]
[White "Valdazo, Raphael"]
[Black "Ludwiczak, Virginie"]
[Result "0-1"]
[WhiteElo "1713"]
[BlackElo "1882"]
[PlyCount "42"]
[EventDate "2021.01.10"]
[EventType "swiss (blitz)"]
[EventRounds "11"]
[EventCountry "FRA"]
[SourceTitle "CBM 200 Extra"]
[Source "ChessBase"]
[SourceDate "2021.03.31"]
[SourceVersion "1"]
[SourceVersionDate "2021.03.31"]
[SourceQuality "1"]

1. Nf3 c5 2. c4 Nc6 3. d4 cxd4 4. Nxd4 g6 5. Nc3 Bg7 6. Nxc6 bxc6 7. Bg5 Qa5 8. Bd2 Qd8 9. e4 d6 10. Bd3 Nf6 11. 0-0 Ng4 12. f4 Bd4+ 13. Kh1 Nf2+ 14. Rxf2 Bxf2 15. Qf3 Bd4 16. Re1 0-0 17. h4 h5 18. f5 e5 19. fxg6 Qxh4+ 20. Qh3 Bxh3 21. gxh3 Qxh3# 0-1

[Event "Cappelle Online Blitz op 1st"]
[Site "Europe Echecs INT"]
[Date "2021.01.10"]
[Round "8"]
[White "Virot, Theo"]
[Black "Valdazo, Raphael"]
[Result "1/2-1/2"]
[WhiteElo "1364"]
[BlackElo "1713"]
[PlyCount "90"]
[EventDate "2021.01.10"]
[EventType "swiss (blitz)"]
[EventRounds "11"]
[EventCountry "FRA"]
[SourceTitle "CBM 200 Extra"]
[Source "ChessBase"]
[SourceDate "2021.03.31"]
[SourceVersion "1"]
[SourceVersionDate "2021.03.31"]
[SourceQuality "1"]

1. e4 e5 2. Nf3 Nc6 3. Bb5 Nd4 4. Nxd4 exd4 5. Bc4 c6 6. Qf3 Qe7 7. 0-0 a5 8. a4 Nf6 9. c3 dxc3 10. Nxc3 d6 11. d4 Bg4 12. Qd3 Be6 13. d5 cxd5 14. exd5 Bd7 15. Bg5 0-0-0 16. Rfe1 Be6 17. Bxf6 Qxf6 18. dxe6 fxe6 19. Bxe6+ Kb8 20. Nd5 Qg5 21. Rac1 h5 22. Nb6 Be7 23. Nd7+ Rxd7 24. Bxd7 h4 25. Qh3 Bf6 26. Rc8+ Rxc8 27. Bxc8 Bxb2 28. g3 hxg3 29. Qxg3 Qc5 30. Re8 Ka7 31. Be6 Qc1+ 32. Kg2 Qc6+ 33. Qf3 Qxe8 34. Qe3+ Kb8 35. Bd5 Qg6+ 36. Kf1 Qb1+ 37. Kg2 Be5 38. Qf3 Qg6+ 39. Kf1 Bxh2 40. Qf7 Qb1+ 41. Kg2 Qg1+ 42. Kf3 Qd1+ 43. Kg2 Qg1+ 44. Kf3 Qd1+ 45. Kg2 Qg1+ 1/2-1/2